000 pam a22 a 4500
999 _c3058
_d3058
003 AKMAL
005 20170519103916.0
008 170519s1989 xxua b 001 0 eng d
020 _a1556231105
040 _aAKMAL
_cAKMAL
082 0 4 _a658.155 TRA
090 0 0 _a658.155
_bTRA
090 2 0 _a658.155
_bTRA
100 1 _aTracy, John A.
_96365
245 1 0 _aProfit dynamics :
_bachieving consistent bottom line results /
_cJohn A. Tracy.
260 _aHomewood, Ill. :
_bDow Jones-Irwin,
_cc1989.
300 0 0 _axiii, 201p. :
_bill. ;
_c24cm.
504 _aIncludes bibliographical references.
650 0 _aCorporate profits
_96366
650 0 _aFinance
_xDecision making
_96367
942 _2ddc
_cBOOK